| 000 | 00636nam a22002177a 4500 | ||
|---|---|---|---|
| 003 | DO-SdBNP | ||
| 005 | 20211111140604.0 | ||
| 007 | ta | ||
| 008 | 211111b2021 dr a|||| |||| 00| 0 eng d | ||
| 020 | _a9789945097214 | ||
| 040 |
_aDO-SdBNP _bspa _cBNPHU |
||
| 082 | 4 | _222 | |
| 100 | 1 |
_aFabián Marte, Delfina, _d1949- _980595 |
|
| 245 | 1 | 0 |
_aAprendiendo a vivir 100 años / _bDelfina Fabián Marte |
| 260 |
_aSanto Domingo : _bSantuario, _c2021. |
||
| 300 |
_a139 p. : _bil. ; _c22 cm. |
||
| 500 | _aIncluye datos biográficos de la autora en las solapas | ||
| 590 | _aInventariado, 2021/BT | ||
| 910 | _aBtavárez | ||
| 942 |
_2ddc _cLBS1 |
||
| 999 |
_c50936 _d50936 |
||